000 00374nam a22001577a 4500
005 20231010191415.0
008 231010b |||||||| |||| 00| 0 eng d
082 _a657.044
_bKIE-I
100 _aKieso,Donald E.
245 _aIntermediate Accounting
250 _a11th.ed.
300 _a1330
500 _aInclude Index
650 _aAccounting
700 _aDonald E.Kieso
999 _c33849
_d33849